000
00287nam a2200121 a 4500
008
101220s2008|||| d
245
1
0
_a
Giraltovce
044
_a
xo
_c
SK
041
_a
slo
100
1
_a
Eštok, Adrián
260
_b
Excel enterprise s.r.o.
_c
2008
_a
Giraltovce
020
_c
10
999
_c
15343
_d
15343